| 000 | 02737nam0a22003491 4500 | ||
|---|---|---|---|
| 001 | v19\rc\1975653 | ||
| 005 | 20250619225605.0 | ||
| 035 | _a(NLR Aleph) 005069542 | ||
| 090 |
_a7080830 _c7080830 |
||
| 100 | _a20080623d1914 |||y0rusy50 ca | ||
| 101 | 1 |
_arus _cger |
|
| 102 | _aRU | ||
| 105 | _aa z ||||| | ||
| 200 | 1 |
_aПолная школа мыловарения в современном его состоянии _eПодроб. руководство к устройству мыловар. з-дов и приготовлению всех сортов мыла, как то: твердых, мягких, белых... и т. п. с помощью варки и шк. приготовления мыла хим. путем, холод. способом _eДля мыловаров-заводчиков, любителей, кустарей и сел. хозяев _eС приб. полн. руководства к выработке гарного, лампад. и машин. масл _eВ 4 ч. с множеством табл. и рис. в тексте, а также примерным расчетом оборудования мыловаренного завода _fСост. под руководством извест. герм. мыловара-техн. Лейхса, П.Ф. Симоненко; настоящее 8 изд. перераб. и значит. пополнено по лучшим соврем. источникам, как-то Мару, Благовещенскому, Matt'у[!], Engelhardt'у и др. химиком В. Бурдуковым, техн. В. Волковым |
|
| 210 |
_aМосква _cтип. и цинкогр. т/д "Мысль", 2-е отд. _d[1914] |
||
| 215 |
_a[2], 254 с. _cил. _d22 |
||
| 300 | _aПослед. с. ошибочно пронум.: 250 | ||
| 300 | _aВ 1-м изд. загл.: "Искусство мыловарения в полном его практическом объеме" | ||
| 451 | 0 |
_12001#$aИскусство мыловарения в полном его практическом объеме _1205##$a1-е изд. _tИскусство мыловарения в полном его практическом объеме |
|
| 700 | 1 |
_6z01790 _aЛойхс _bЭ.Ф. _f1800-1837 _gЭрхард Фридрих |
|
| 702 | 1 |
_aСимоненко _bП.Ф. _gПетр Федорович _4220 |
|
| 702 | 1 |
_aМар _4100 |
|
| 702 | 1 |
_aБлаговещенский _4100 |
|
| 702 | 1 |
_aБурдуков _bВ. _4570 |
|
| 702 | 1 |
_aВолков _bВ. _4570 |
|
| 790 | 1 |
_6z01700 _aЛейхс _f1800-1837 |
|
| 801 | 0 |
_aRU _bNLR _gpsbo |
|
| 801 | 0 |
_aRU _bRuMoRGB _2psbo |
|
| 801 | 1 |
_aRU _bProSoft-M _2rusmarc |
|
| 852 |
_aNLR _j37.46.4.1 |
||
| 942 | _cBOOK | ||
| 980 | _aNB | ||